Trayectorias divergentes : (Record no. 37777)
[ view plain ]
| 000 -LEADER | |
|---|---|
| campo de control de longitud fija | 01174cam a2200289 i 4500 |
| 001 - NÚMERO DE CONTROL | |
| campo de control | 49185 |
| 005 - FECHA Y HORA DE LA ÚLTIMA TRANSACCIÓN | |
| campo de control | 20230410105505.0 |
| 008 - DATOS DE LONGITUD FIJA--INFORMACIÓN GENERAL | |
| campo de control de longitud fija | 071107b1990 cl a 000 0 spa |
| 020 ## - NÚMERO INTERNACIONAL ESTÁNDAR DEL LIBRO | |
| Número Internacional Estándar del Libro | 9562011029 |
| 040 ## - FUENTE DE CATALOGACIÓN | |
| Centro catalogador/agencia de origen | DRFGD |
| Lengua de catalogación | spa. |
| 041 0# - CÓDIGO DE IDIOMA | |
| Código de lengua del texto/banda sonora o título independiente | spa |
| 050 14 - SIGNATURA TOPOGRÁFICA DE LA BIBLIOTECA DEL CONGRESO | |
| Número de clasificación | HC 345 |
| Número de ítem | T783 1990 |
| 082 00 - NÚMERO DE LA CLASIFICACIÓN DECIMAL DEWEY | |
| Número de clasificación | 330.948 |
| 245 00 - MENCIÓN DEL TÍTULO | |
| Título | Trayectorias divergentes : |
| Resto del título | comparación de un siglo de desarrollo económico latinoamericano y escandinavo / |
| Mención de responsabilidad, etc. | coordinadores Magnus Blomstrom y Patricio Meller. |
| 260 ## - PUBLICACIÓN, DISTRIBUCIÓN, ETC. | |
| Lugar de publicación, distribución, etc. | Chile : |
| Nombre del editor, distribuidor, etc. | Corporación de Investigación Económica para Latinoamerica - CIEPLAN : |
| -- | Ediciones Pedagógicas Chilenas, |
| Fecha de publicación, distribución, etc. | 1990. |
| 300 ## - DESCRIPCIÓN FÍSICA | |
| Extensión | 283 p. |
| 500 ## - NOTA GENERAL | |
| Nota general | Translation of: Diverging paths : comparing a century of Scandinavian and Latin American economic development. |
| 651 #0 - PUNTO DE ACCESO ADICIONAL DE MATERIA--NOMBRE GEOGRÁFICO | |
| Nombre geográfico | Scandinavia |
| Subdivisión general | Economic conditions. |
| 651 #0 - PUNTO DE ACCESO ADICIONAL DE MATERIA--NOMBRE GEOGRÁFICO | |
| Nombre geográfico | Latin America |
| Subdivisión general | Economic conditions. |
| 650 #0 - PUNTO DE ACCESO ADICIONAL DE MATERIA--TÉRMINO DE MATERIA | |
| Término de materia o nombre geográfico como elemento de entrada | Industrial policy |
| Subdivisión geográfica | Scandinavia. |
| 650 #0 - PUNTO DE ACCESO ADICIONAL DE MATERIA--TÉRMINO DE MATERIA | |
| Término de materia o nombre geográfico como elemento de entrada | Industrial policy |
| Subdivisión geográfica | Latin America. |
| 700 1# - ENTRADA AGREGADA--NOMBRE PERSONAL | |
| Nombre de persona | Blomstrom, Magnus, |
| Fechas asociadas al nombre | 1952- |
| 700 1# - ENTRADA AGREGADA--NOMBRE PERSONAL | |
| Nombre de persona | Meller, Patricio. |
| 856 ## - LOCALIZACIÓN Y ACCESO ELECTRÓNICOS | |
| Nombre del host | Más?... busque en WorldCat (solo desde FUNGLODE) |
| Identificador Uniforme de Recursos | <a href="www.firtsearch.oclc.org/fsip.">www.firtsearch.oclc.org/fsip.</a> |
| 942 ## - ELEMENTOS DE ENTRADA SECUNDARIOS (KOHA) | |
| Fuente del sistema de clasificación o colocación | Clasificación de Library of Congress |
| Tipo de ítem Koha | |
| 946 ## - PROCESAMIENTO DE INFORMACIÓN LOCAL (OCLC) | |
| a | mjcruz |
| Estatus retirado | Estado de pérdida | Fuente del sistema de clasificación o colocación | Estado de daño | No para préstamo | Colección | Biblioteca de origen | Biblioteca actual | Ubicación en estantería | Fecha de adquisición | Serial enumeration / chronology | Signatura topográfica completa | Código de barras | Visto por última vez | Copia número | Tipo de ítem Koha |
|---|---|---|---|---|---|---|---|---|---|---|---|---|---|---|---|
| Clasificación de Library of Congress | Ciencias Sociales | Biblioteca Juan Bosch | Biblioteca Juan Bosch | Ciencias Sociales (3er. Piso) | 10/04/2023 | 1 | HC 345 T783 1990 | 00000034124 | 24/10/2018 | 1 |
